000 01018nam a2200313Ia 4500
003 OSt
005 20221007122450.0
006 a|||||r|||| 00| 0
007 ta
008 221006b |||||||| |||| 00| 0 eng d
020 _a9781441910554 (hbd)
024 _a100023
037 _b998, 23/03/2010, Ashutosh Technical Books
_cTextbook
040 _aPAPL
_cPAPL
_beng
041 _2eng
_aeng
082 _aC21:(D), Q0 Carpa
100 _aRazeghi Manijeh
245 0 _aTechnology of quantum devices
260 _aNew
_bYork Springer Verlag
_c2010
300 _axxv, 560p.
_ccm.
500 _aIncludes bibliographical references.; Appendices 497-560p.
650 _a Electronics and microelectronics
_9714427
650 _a Material science
_9429475
650 _a Materials
_9713768
650 _a Nanotechnology
_9436565
650 _aPhysics
942 _hC21:(D), Q0 Carpa
_cTB
_2CC
999 _c1210390
_d1210390